000 00262nam a2200109Ia 4500
008 220204s9999 xx 000 0 und d
082 _a930
_bGRE
100 _aGreen, Peter
245 0 _aWonders of man: Parthenon
260 _bS Arthur Dembner
_c1973
942 _cBK
999 _c29657
_d29657